Statistiques concernant Pokémon de type Ténèbres - Gen 1 à 9

Cliquez ici pour prendre le quiz!

Statistiques générales

  • Ce quiz a été pris 1 411 fois
    (611 depuis la dernière actualisation)
  • Le résultat moyen est 57 sur 84

Statistiques - réponses

Pokémon% Correct
Démolosse / Méga-Démolosse
90%
Malosse
90%
Corboss
89%
Cornèbre
89%
Darkrai
88%
Ténéfix / Méga-Ténéfix
87%
Arceus (Plaque Ombre)
86%
Dimoret
86%
Noctali
86%
Sharpedo / Méga-Sharpedo
86%
Farfuret
85%
Yveltal
84%
Carvanha
82%
Grahyèna
82%
Medhyèna
82%
Scalpion
81%
Scalproie
81%
Spiritomb
81%
Absol / Méga-Absol
80%
Amphinobi / Sachanobi
80%
Silvallié (ROM Ténèbres)
80%
Solochi
79%
Trioxhydre
79%
Zorua
79%
Diamat
78%
Zoroark
78%
Tengalice
77%
Léopardus
76%
Baggaïd
75%
Chacripan
75%
Félinferno
74%
Crocorible
73%
Pifeuil
73%
Tyranocif / Méga-Tyranocif
73%
Baggiguane
72%
Escroco
71%
Mascaïman
71%
Sepiatop
71%
Sepiatroce
71%
Angoliath
70%
Cacturne
69%
Pandarbare
69%
Engloutyran
68%
Grimalin
68%
Ixon
68%
Moufflair
68%
Zigzaton de Galar
68%
Linéon de Galar
67%
Miaouss d'Alola
67%
Moufouette
67%
Persian d'Alola
67%
Vostourno
67%
Vaututrice
66%
Drascore
65%
Fourbelin
65%
Scalpereur
65%
Miascarade
62%
Rattatac d'Alola
61%
Rattata d'Alola
61%
Yuyu
60%
Morpeko
59%
Hoopa (Déchaîné)
58%
Zarude
58%
Colhomard
57%
Baojian
54%
Grotadmorv d'Alola
54%
Shifours (Style Poing Final)
54%
Dinglu
53%
Roublenard
53%
Tadmorv d'Alola
53%
Clamiral de Hisui
52%
Goupilou
52%
Chongjian
51%
Gambex
51%
Méga-Léviator
51%
Rugit-Lune
48%
Dogrino
46%
Sulfura de Galar
46%
Têtes-de-Fer
46%
Grondogue
45%
Lestombaile
45%
Fongus-Furie
43%
Qwilfish de Hisui
39%
Qwilpik
39%

Distribution des résultats

Percentile par nombre de réponses

% des personnes avec chaque résultat

Votre développement - résultats

Vous n’avez pas pris ce quiz depuis la dernière actualisation